000 00792nam a22002177a 4500
999 _c166023
_d166023
005 20190711111523.0
010 _aB-728408
020 _c750.00
_a9789352832163
035 _aB-728408
037 _bRK Books
_adpl
082 _a000
100 _aAggarwal,R.S.
245 0 0 _aA modern approach to verbal & non-verbal reasoning /
_cby R.S. Aggarwal
250 _arev. ed
260 _aNew Delhi
_bS. Chand
_c2018
270 _a7361, Ram Nagar, Qutab Road
_bNew Delhi
_e110055
300 _avarious paging:
_c27cm(pbk)
_bill.
500 _auseful for campus interviews also.
942 _2ddc
_cEN
_mAGG
_h000